000 00520nam a22001817a 4500
001 T027600004962
008 181111b xve|||||r|||| 00| | esp d
099 _aIVP-D-01617
_b
100 _aFondo de Inversiones de Venezuela (FIV).
245 _aVenezuela, un país de recursos y oportunidades.
260 _a
300 _a59
500 _aFotocopiado
650 _aPlanes de Desarrollo--Venezuela
650 _aVenezuela--Recursos Económicos--Valoración
650 _aPrivatización--Venezuela.
942 _cLIB
999 _c6098
_d6098